| 000 | 01152nam a2200133Ia 4500 | ||
|---|---|---|---|
| 008 | 220616s9999||||xx |||||||||||||| ||und|| | ||
| 020 | _a9783040000000 | ||
| 245 | 0 | _aGas-Liquid Two-Phase Flow in the Pipe or Channel | |
| 546 | _aEnglish[eng] | ||
| 650 | _aself-aeration||chute flow||air concentration||velocity||experimental study||water vapor||coherent phase||exclusion zone||redox potential||pH||infrared||microdroplets||wall shear stress||oscillating two-phase fluctuation flow||heat transfer||magnetohydrodynamic (MHD)||dust particles||capillary waves||surface wave||subharmonic||resonance||COMSOL||ultrasonic atomizer||oil–water–gas flow||flow pattern||water holdup||dimensionless analysis||hydrodynamics||high reduced pressure||flow boiling||turbulent bubbly flow||backward-facing step||PIV/PLIF measurements||RANS modeling||flow structure||gas-droplet turbulent flow||droplet vaporization and dispersion||Eulerian modeling||spray cooling||transparent heater||high-speed video recording||infrared thermography||n/a | ||
| 700 | _aPakhomov, Maksim||Lobanov, Pavel | ||
| 856 | _uhttps://mdpi.com/books/pdfview/book/5225 | ||
| 942 | _cEB | ||
| 999 |
_c20923 _d20923 |
||